<La> dénomination d'origine made in et son influence sur le comportement d'achat des consommateurs diplomová práca

Salvato in:
Dettagli Bibliografici
Autore principale: Kunošík, Andrej
Ente Autore: Ekonomická univerzita v Bratislave. Ústav medzinárodných programov
Altri autori: Kita, Pavol, Sayah, Jamil
Natura: Libro
Lingua:francese
Pubblicazione: Bratislava 2010
Tags: Aggiungi Tag
Nessun Tag, puoi essere il primo ad aggiungerne!!

MARC

LEADER 00000nam a2200000 4500
001 0119201
005 20240318114917.9
041 0 |a fre 
044 |a SK 
245 1 0 |a <La> dénomination d'origine made in et son influence sur le comportement d'achat des consommateurs  |b diplomová práca  |c Andrej Kunošík ; škol. Pavol Kita, Jamil Sayah 
264 1 |a Bratislava  |c 2010 
300 |a 77 s. 
100 1 |a Kunošík, Andrej 
700 1 |a Kita, Pavol 
700 1 |a Sayah, Jamil 
710 2 |a Ekonomická univerzita v Bratislave. Ústav medzinárodných programov